Die japanische herausforderung

Tallennettuna:
Bibliografiset tiedot
Päätekijä: Kraus, Willy
Aineistotyyppi: Kirja
Kieli:Undetermined
Julkaistu: Berlin Duncker & Humblot 1982
Aiheet:
Tagit: Lisää tagi
Ei tageja, Lisää ensimmäinen tagi!
Thư viện lưu trữ: Trung tâm Học liệu Trường Đại học Cần Thơ
LEADER 00461nam a2200181Ia 4500
001 CTU_86331
008 210402s9999 xx 000 0 und d
082 |a 380.1 
082 |b K91 
100 |a Kraus, Willy 
245 0 |a Die japanische herausforderung 
245 0 |c Willy Kraus 
260 |a Berlin 
260 |b Duncker & Humblot 
260 |c 1982 
650 |a Economy policy 
904 |i Năm 
980 |a Trung tâm Học liệu Trường Đại học Cần Thơ